[Event "ch-NED"]
[Site "Hilversum NED"]
[Date "2007.06.16"]
[Round "1"]
[White "Dambacher,M"]
[Black "Van der Wiel,J"]
[Result "1/2-1/2"]
[WhiteElo "2466"]
[BlackElo "2483"]
[EventDate "2007.06.16"]

1. d4 Nf6 2. c4 e6 3. Nf3 b6 4. g3 Ba6 5. Qa4 c5 6. Bg2 Bb7 7. dxc5 Bxc5 8.
O-O O-O 9. Nc3 Be7 10. Bf4 Na6 11. Rfd1 Nc5 12. Qc2 Qc8 13. Rd4 d5 14. cxd5
Nxd5 15. Bg5 f6 16. Nxd5 Bxd5 17. Be3 Rd8 18. Ne1 Qb7 19. b4 Bxg2 20. Nxg2
Rxd4 21. Bxd4 Qe4 22. Qxe4 Nxe4 23. a3 Rc8 24. Ne1 Kf7 1/2-1/2

[Event "ch-NED"]
[Site "Hilversum NED"]
[Date "2007.06.16"]
[Round "1"]
[White "Sokolov,Iv NED"]
[Black "Bosboom,M"]
[Result "1-0"]
[WhiteElo "2655"]
[BlackElo "2423"]
[EventDate "2007.06.16"]

1. d4 d6 2. Nf3 Nd7 3. e4 e5 4. Bc4 exd4 5. Qxd4 Qf6 6. Nc3 c6 7. Qd3 Qg6
8. O-O Be7 9. Bf4 Nc5 10. Qe3 Be6 11. Be2 Nh6 12. Nd4 a5 13. Rad1 Rd8 14.
a3 Ng4 15. Bxg4 Bxg4 16. f3 Be6 17. b4 axb4 18. axb4 Na6 19. b5 Nb4 20.
bxc6 bxc6 21. Nce2 c5 22. Nb5 O-O 23. Bxd6 Bxd6 24. Nxd6 Bh3 25. Nf4 Qg5
26. Nxf7 Rxf7 27. Rxd8+ Qxd8 28. Nxh3 Qd4 29. Qxd4 cxd4 30. Ng5 Rc7 31. Ne6
Rc4 32. Nxd4 1-0

[Event "ch-NED"]
[Site "Hilversum NED"]
[Date "2007.06.16"]
[Round "1"]
[White "Stellwagen,D"]
[Black "Tiviakov,S"]
[Result "1/2-1/2"]
[WhiteElo "2600"]
[BlackElo "2663"]
[EventDate "2007.06.16"]

1. e4 c5 2. Nf3 Nc6 3. d4 cxd4 4. Nxd4 g6 5. Nc3 Bg7 6. Be3 Nf6 7. Bc4 O-O
8. Bb3 d6 9. f3 Bd7 10. Qd2 Nxd4 11. Bxd4 b5 12. h4 a5 13. h5 a4 14. Bxf6
exf6 15. Bd5 b4 16. Ne2 f5 17. hxg6 hxg6 18. Qxb4 a3 19. c3 axb2 20. Qxb2
Rc8 21. Qd2 fxe4 22. fxe4 Bc6 23. Rd1 Bxd5 24. Qxd5 Be5 25. Qd2 Re8 26. Qh6
Qb6 27. Qh7+ Kf8 28. Qh6+ Kg8 29. Qh7+ Kf8 30. Qh6+ 1/2-1/2

[Event "ch-NED"]
[Site "Hilversum NED"]
[Date "2007.06.16"]
[Round "1"]
[White "L'Ami,E"]
[Black "Spoelman,W"]
[Result "1-0"]
[WhiteElo "2617"]
[BlackElo "2428"]
[EventDate "2007.06.16"]

1. d4 Nf6 2. c4 e6 3. Nf3 c5 4. g3 cxd4 5. Nxd4 d5 6. Bg2 e5 7. Nf3 d4 8.
O-O Nc6 9. e3 Bc5 10. exd4 exd4 11. Bf4 O-O 12. Nbd2 Bf5 13. Nb3 Qb6 14.
Ne5 Rfe8 15. Nxc6 bxc6 16. Re1 Ne4 17. Qd3 Nd6 18. Qf3 Bd7 19. Nxc5 Qxc5
20. b3 a5 21. Rad1 Nf5 22. Qd3 h6 23. h3 Rxe1+ 24. Rxe1 a4 25. Re5 axb3 26.
Rxc5 bxa2 27. Rxf5 a1=Q+ 28. Kh2 Bxf5 29. Qxf5 Qe1 30. Be5 Ra1 31. h4 c5
32. Be4 Qg1+ 33. Kh3 Qf1+ 34. Kg4 h5+ 35. Kg5 Qc1+ 36. Bf4 g6 37. Qc8+ Kg7
38. Bxc1 Ra2 39. f3 1-0

[Event "ch-NED"]
[Site "Hilversum NED"]
[Date "2007.06.16"]
[Round "1"]
[White "Smeets,J"]
[Black "Hendriks,W"]
[Result "1-0"]
[WhiteElo "2552"]
[BlackElo "2412"]
[EventDate "2007.06.16"]

1. e4 c5 2. Nf3 g6 3. d4 cxd4 4. Nxd4 Nc6 5. c4 Nf6 6. Nc3 Nxd4 7. Qxd4 d6
8. Be2 Bg7 9. Bg5 O-O 10. Qd2 a5 11. Rd1 Be6 12. Qe3 Qc7 13. b3 Rac8 14.
Na4 Rce8 15. O-O Nd7 16. Nc3 Qc5 17. Nd5 Qxe3 18. Bxe3 Nc5 19. f3 Bxd5 20.
cxd5 f5 21. exf5 gxf5 22. g3 Rc8 23. Rc1 Be5 24. Kg2 Bb2 25. Rc2 Ba3 26.
Bb5 Kf7 27. Re1 Rc7 28. Bg5 Bb4 29. Re3 Rg8 30. h4 Rg6 31. Rce2 e5 32.
dxe6+ Nxe6 33. Bc4 Rxc4 34. bxc4 f4 35. Rxe6 Rxe6 36. Rxe6 Kxe6 37. Bxf4 d5
38. cxd5+ Kxd5 39. a4 Kc4 40. Be5 Kb3 41. g4 Kxa4 42. g5 Kb3 43. h5 Bf8 44.
f4 Kc4 45. Kf3 b5 46. h6 Bxh6 47. gxh6 b4 48. f5 Kd5 49. Bf6 Kd6 50. Ke4 a4
51. Kd4 1-0

[Event "ch-NED"]
[Site "Hilversum NED"]
[Date "2007.06.16"]
[Round "1"]
[White "Nijboer,F"]
[Black "Janssen,Ru"]
[Result "1-0"]
[WhiteElo "2606"]
[BlackElo "2489"]
[EventDate "2007.06.16"]

1. e4 e5 2. Nf3 Nc6 3. Bb5 a6 4. Ba4 Nf6 5. O-O Be7 6. Re1 b5 7. Bb3 d6 8.
c3 O-O 9. h3 Bb7 10. d4 Re8 11. Nbd2 Bf8 12. a3 h6 13. Bc2 Nb8 14. b4 Nbd7
15. Bb2 g6 16. Qb1 Bg7 17. Nb3 Rc8 18. a4 c6 19. Na5 Ba8 20. dxe5 Nxe5 21.
Nxe5 Rxe5 22. c4 Re8 23. Qa2 bxa4 24. Qxa4 c5 25. b5 Nxe4 26. Bxg7 Kxg7 27.
bxa6 Qg5 28. Nb7 Nf6 29. Qa5 d5 30. cxd5 Qxd5 31. Rad1 Qc6 32. Rd6 Qc7 33.
Rxe8 Qxa5 34. Nxa5 Rxe8 35. Bd3 Re1+ 36. Kh2 Ra1 37. Nb3 Ra2 38. Kg1 Ne4
39. Bxe4 Bxe4 40. Nxc5 1-0

[Event "ch-NED"]
[Site "Hilversum NED"]
[Date "2007.06.17"]
[Round "2"]
[White "Hendriks,W"]
[Black "Nijboer,F"]
[Result "1/2-1/2"]
[WhiteElo "2412"]
[BlackElo "2606"]
[EventDate "2007.06.16"]

1. e4 e5 2. Bc4 Nf6 3. d3 Nc6 4. Nf3 Bc5 5. c3 a6 6. Nbd2 Ba7 7. h3 O-O 8.
Bb3 d6 9. Nf1 d5 10. Qe2 Be6 11. Ng3 h6 12. O-O Re8 13. Be3 Na5 14. Bxa7
Rxa7 15. Ba4 Bd7 16. Bxd7 Qxd7 17. Nh4 Raa8 18. Nhf5 Re6 19. Rfe1 Nc6 20.
Rad1 Kh7 21. Qf3 Rae8 22. Ne3 d4 23. Nd5 Ng8 24. Rc1 g6 25. Ne2 dxc3 26.
bxc3 Rf8 27. d4 f5 28. Rcd1 Qg7 29. exf5 gxf5 30. Nef4 Ree8 31. Qh5 Qf7 32.
dxe5 Rxe5 33. Qf3 Rfe8 34. Rxe5 Nxe5 35. Qg3 c6 36. Ne3 Ne7 37. Qh4 N7g6
38. Nxg6 Nxg6 39. Qh5 Re5 40. Qf3 Qe6 41. Rd4 f4 42. Nc2 Qf5 43. Qd1 Re7
44. Ne1 Qa5 45. Qd2 Qf5 1/2-1/2

[Event "ch-NED"]
[Site "Hilversum NED"]
[Date "2007.06.17"]
[Round "2"]
[White "Van der Wiel,J"]
[Black "L'Ami,E"]
[Result "1/2-1/2"]
[WhiteElo "2483"]
[BlackElo "2617"]
[EventDate "2007.06.16"]

1. e4 e5 2. Nf3 Nc6 3. d4 exd4 4. Nxd4 Bc5 5. Nb3 Bb6 6. a4 a6 7. Nc3 d6 8.
Nd5 Ba7 9. Be3 Bxe3 10. Nxe3 Nf6 11. Bd3 O-O 12. O-O Re8 13. f3 b6 14. Rf2
Bb7 15. Bf1 Nd7 16. c3 Nc5 17. Nd4 Qg5 18. Nec2 Ne7 19. b4 Nd7 20. a5
1/2-1/2

[Event "ch-NED"]
[Site "Hilversum NED"]
[Date "2007.06.17"]
[Round "2"]
[White "Janssen,Ru"]
[Black "Dambacher,M"]
[Result "1-0"]
[WhiteElo "2489"]
[BlackElo "2466"]
[EventDate "2007.06.16"]

1. d4 Nf6 2. c4 e6 3. Nc3 d5 4. cxd5 exd5 5. Bg5 Be7 6. e3 O-O 7. Bd3 Nbd7
8. Nge2 Re8 9. O-O Nf8 10. Qc2 c6 11. f3 Be6 12. Rad1 N6d7 13. Bxe7 Qxe7
14. e4 dxe4 15. fxe4 Rac8 16. Ng3 c5 17. d5 Bg4 18. Be2 Bxe2 19. Qxe2 Nf6
20. d6 Qe6 21. Rxf6 Qxf6 22. d7 Nxd7 23. Rxd7 Rb8 24. Nf5 Red8 25. Nd5 Qg5
26. Rc7 Kf8 27. Qf1 Rdc8 28. Rxc8+ Rxc8 29. Nd6 1-0

[Event "ch-NED"]
[Site "Hilversum NED"]
[Date "2007.06.17"]
[Round "2"]
[White "Bosboom,M"]
[Black "Spoelman,W"]
[Result "1/2-1/2"]
[WhiteElo "2423"]
[BlackElo "2428"]
[EventDate "2007.06.16"]

1. d4 Nf6 2. Nf3 e6 3. c4 c5 4. d5 d6 5. Nc3 exd5 6. cxd5 g6 7. g3 Bg7 8.
Bg2 O-O 9. O-O a6 10. a3 Nbd7 11. Bf4 Qe7 12. b4 cxb4 13. axb4 Nb6 14. Qb3
Bg4 15. Nd2 Rac8 16. Rac1 Rxc3 17. Rxc3 Nbxd5 18. Bxd5 Nxd5 19. Qxd5 Bxc3
20. Bxd6 Rd8 21. Ne4 Qe6 22. Qxe6 Bxe6 23. Be7 Re8 24. Rc1 Rxe7 25. Rxc3
Bf5 26. Nd6 Rxe2 27. Nxf5 gxf5 28. b5 a5 29. b6 Rb2 30. Rc5 a4 31. Ra5 Rb4
32. Ra7 Rxb6 33. Rxa4 Rb5 34. Kg2 Kg7 35. Kf3 Kg6 36. Rc4 Rb3+ 37. Kf4 Rb2
38. f3 b5 39. Rc5 f6 40. h4 h5 41. Rc7 Rb3 42. Rb7 Rb4+ 43. Ke3 f4+ 44.
gxf4 Kf5 45. Rb6 Rb1 46. Rc6 Rb3+ 47. Kf2 b4 48. Kg3 Rc3 49. Rb6 b3 50.
Rb5+ Kg6 51. f5+ Kf7 52. Rb7+ Ke8 53. Kf4 Kd8 54. Ke4 Kc8 55. Rb4 Kc7 56.
Kd5 Rd3+ 57. Ke4 Rc3 58. Kd5 Re3 59. f4 Rd3+ 60. Kc4 Rf3 1/2-1/2

[Event "ch-NED"]
[Site "Hilversum NED"]
[Date "2007.06.18"]
[Round "3"]
[White "L'Ami,E"]
[Black "Janssen,Ru"]
[Result "1-0"]
[WhiteElo "2617"]
[BlackElo "2489"]
[EventDate "2007.06.16"]

1. d4 Nf6 2. c4 e6 3. Nf3 b6 4. g3 Bb7 5. Bg2 Be7 6. O-O O-O 7. Nc3 Ne4 8.
Bd2 Bf6 9. Qc2 Nxd2 10. Qxd2 d6 11. Rfd1 Nd7 12. Rac1 g6 13. b4 a5 14. b5
Bg7 15. Na4 Qe7 16. c5 dxc5 17. dxc5 Nxc5 18. Nxc5 bxc5 19. Qd7 Qxd7 20.
Rxd7 Rab8 21. Rxc5 Bd5 22. Rdxc7 Bxa2 23. Ra7 Rfd8 24. h4 Rd1+ 25. Kh2 Bd5
26. e3 Rb1 27. Rcc7 R1xb5 28. Rxf7 R8b7 29. Rfxb7 Rxb7 30. Ra8+ Bf8 31. Ng5
Rb6 32. Rxa5 Bxg2 33. Kxg2 Be7 34. Ra8+ Kg7 35. Ra7 1-0

[Event "ch-NED"]
[Site "Hilversum NED"]
[Date "2007.06.18"]
[Round "3"]
[White "Spoelman,W"]
[Black "Van der Wiel,J"]
[Result "1/2-1/2"]
[WhiteElo "2428"]
[BlackElo "2483"]
[EventDate "2007.06.16"]

1. e4 e5 2. Nf3 Nc6 3. Bb5 a6 4. Ba4 Nf6 5. O-O Be7 6. Re1 b5 7. Bb3 O-O 8.
d4 d6 9. c3 Bg4 10. d5 Na5 11. Bc2 c6 12. h3 Bxf3 13. Qxf3 cxd5 14. exd5
Nc4 15. Nd2 Nxd2 16. Bxd2 g6 17. a4 Qb6 18. b4 Qb7 19. Bb3 Nd7 20. c4 bxc4
21. Bxc4 f5 22. a5 e4 23. Qb3 Bf6 24. Rac1 Bd4 25. Bf1 Qa7 26. Be3 Ne5 27.
Bxd4 Qxd4 28. Red1 Qa7 29. Qc3 Rfb8 30. Rb1 Qd7 31. Qd4 Rb7 32. Rb2 Qg7 33.
Rc2 h5 34. Qc3 Kh7 35. Rb1 Qf7 36. Qd4 Qg7 37. Qc3 Qf7 38. Qd4 Qg7 39. Qd2
g5 40. b5 axb5 41. Rxb5 Rxb5 42. Bxb5 g4 43. Qf4 gxh3 44. Qxf5+ Kh6 45.
Qf4+ Qg5 46. Qxg5+ Kxg5 47. a6 hxg2 48. Kxg2 Kf4 49. Rc7 Rg8+ 50. Kh3 Kf3
51. a7 Rg1 52. Rc3+ Nd3 53. Kh4 Ra1 54. Bxd3 exd3 55. Rxd3+ Kxf2 56. Kxh5
Rxa7 57. Kg6 Ke2 58. Rh3 Re7 59. Kf6 1/2-1/2

[Event "ch-NED"]
[Site "Hilversum NED"]
[Date "2007.06.18"]
[Round "3"]
[White "Nijboer,F"]
[Black "Tiviakov,S"]
[Result "1/2-1/2"]
[WhiteElo "2606"]
[BlackElo "2663"]
[EventDate "2007.06.16"]

1. e4 c5 2. Nf3 Nc6 3. d4 cxd4 4. Nxd4 g6 5. Nc3 Bg7 6. Be3 Nf6 7. Bc4 O-O
8. Bb3 d6 9. f3 Bd7 10. Qd2 Nxd4 11. Bxd4 b5 12. a4 bxa4 13. Bxa4 Bxa4 14.
Rxa4 Qb8 15. O-O 1/2-1/2

[Event "ch-NED"]
[Site "Hilversum NED"]
[Date "2007.06.18"]
[Round "3"]
[White "Stellwagen,D"]
[Black "Bosboom,M"]
[Result "1-0"]
[WhiteElo "2600"]
[BlackElo "2423"]
[EventDate "2007.06.16"]

1. e4 d6 2. d4 Nf6 3. Nc3 g6 4. h3 Bg7 5. Be3 O-O 6. Nf3 a6 7. a4 b6 8. Be2
e6 9. O-O Bb7 10. e5 Nfd7 11. Bg5 Qe8 12. exd6 cxd6 13. d5 Nc5 14. dxe6
Nxe6 15. Be3 Qc6 16. Qd2 Rd8 17. Rad1 d5 18. Nd4 Qd6 19. Bf3 Nd7 20. Nde2
Nf6 21. Nf4 Nxf4 22. Bxf4 Qe7 23. Qe3 Qe6 24. Qxe6 fxe6 25. Bc7 Rdc8 26.
Bxb6 Nd7 27. Bd4 Bxd4 28. Rxd4 Ne5 29. Be2 Rc7 30. Re1 Bc8 31. Rb4 Kf7 32.
Bxa6 Nf3+ 33. gxf3 Rxa6 34. f4 Bd7 35. Kg2 Kf6 36. Kf3 Rac6 37. Rd1 Rxc3+
38. bxc3 Rxc3+ 39. Rd3 Rxc2 40. Ra3 Bc6 41. Ke3 e5 42. fxe5+ Kxe5 43. a5 g5
44. a6 h5 45. a7 Ba8 46. Ra5 Rc3+ 47. Kd2 1-0

[Event "ch-NED"]
[Site "Hilversum NED"]
[Date "2007.06.18"]
[Round "3"]
[White "Dambacher,M"]
[Black "Hendriks,W"]
[Result "0-1"]
[WhiteElo "2466"]
[BlackElo "2412"]
[EventDate "2007.06.16"]

1. d4 c5 2. d5 d6 3. c4 g6 4. e4 Bg7 5. Ne2 Nf6 6. Ng3 e6 7. Be2 exd5 8.
cxd5 O-O 9. O-O Nbd7 10. Nd2 Re8 11. f4 Qc7 12. Qc2 a6 13. a4 b6 14. Rb1
Ra7 15. b3 Qb8 16. Bb2 b5 17. h3 Rb7 18. Bc3 Qc7 19. Nf3 Rb8 20. Ba1 Qd8
21. Rbd1 Bb7 22. Nd2 Ba8 23. Bd3 Qb6 24. Kh2 Rbc8 25. Ne2 Qb8 26. axb5 axb5
27. Nc3 c4 28. bxc4 bxc4 29. Nxc4 Rc5 30. Rb1 Qd8 31. Qf2 Qe7 32. Rbe1 Rec8
33. e5 dxe5 34. d6 Qe6 35. fxe5 Nxe5 36. Nxe5 Rxe5 37. Nb5 Rxe1 38. Rxe1
Qd5 39. Bxf6 Bxf6 40. Qxf6 Qxg2+ 0-1

[Event "ch-NED"]
[Site "Hilversum NED"]
[Date "2007.06.18"]
[Round "3"]
[White "Smeets,J"]
[Black "Sokolov,Iv NED"]
[Result "1/2-1/2"]
[WhiteElo "2552"]
[BlackElo "2655"]
[EventDate "2007.06.16"]

1. e4 e5 2. Nf3 Nc6 3. Bb5 a6 4. Ba4 Nf6 5. O-O Be7 6. Re1 b5 7. Bb3 O-O 8.
c3 d5 9. exd5 Nxd5 10. Nxe5 Nxe5 11. Rxe5 c6 12. d3 Bd6 13. Re1 Qh4 14. g3
Qh3 15. Bxd5 cxd5 16. Qf3 Bb7 17. d4 Rae8 18. Rxe8 Rxe8 19. Be3 a5 20. Nd2
a4 21. a3 f6 22. Bf4 Bf8 23. Nf1 h5 24. Bd2 Re4 25. Re1 Rxe1 26. Bxe1 Kf7
27. Ne3 g6 28. c4 bxc4 29. Nxc4 Qc8 30. Ne3 Bh6 31. Bc3 Qe6 32. Bd2 Ba6 33.
Bb4 Bxe3 34. Qxe3 Qxe3 1/2-1/2

[Event "ch-NED"]
[Site "Hilversum NED"]
[Date "2007.06.19"]
[Round "4"]
[White "Tiviakov,S"]
[Black "Dambacher,M"]
[Result "1/2-1/2"]
[WhiteElo "2663"]
[BlackElo "2466"]
[EventDate "2007.06.16"]

1. e4 e6 2. d4 d5 3. Nd2 dxe4 4. Nxe4 Nd7 5. g3 Be7 6. Bg2 Ngf6 7. Nxf6+
Bxf6 8. Ne2 O-O 9. O-O e5 10. d5 Be7 11. c4 a5 12. Be3 Nc5 13. f4 exf4 14.
Nxf4 Bf5 15. Bd4 Qd7 16. Qd2 Bg6 17. h4 Ne4 18. Qe3 Nf6 19. Bh3 Qd8 20.
Rad1 Re8 21. Qf3 Bd6 22. h5 Be4 23. Qf2 h6 24. Ne2 Be5 25. Nc3 Qd6 26. Kh2
Bxd4 1/2-1/2

[Event "ch-NED"]
[Site "Hilversum NED"]
[Date "2007.06.19"]
[Round "4"]
[White "Stellwagen,D"]
[Black "Smeets,J"]
[Result "1-0"]
[WhiteElo "2600"]
[BlackElo "2552"]
[EventDate "2007.06.16"]

1. e4 c5 2. Nf3 d6 3. d4 cxd4 4. Nxd4 Nf6 5. Nc3 a6 6. Be2 e5 7. Nb3 Be7 8.
O-O O-O 9. Kh1 b6 10. Be3 Bb7 11. f3 Nbd7 12. Qe1 Qc7 13. Rd1 b5 14. a3 Nb6
15. Qf2 Na4 16. Nxa4 bxa4 17. Bb6 Qxc2 18. Na5 Bc8 19. Qe3 Bd8 20. Bxd8
Rxd8 21. Bc4 Be6 22. Rd2 Bxc4 23. Rxc2 Bxf1 24. Qc1 Bd3 25. Rc3 Nxe4 26.
fxe4 Bxe4 27. Rc7 Re8 28. Nb7 Bxb7 29. Rxb7 Rac8 30. Rc7 Rcd8 31. Qf1 Rf8
32. Re7 Rb8 33. Qxa6 Rxb2 34. h4 Rd2 35. Rc7 e4 36. Rc8 Rd1+ 37. Kh2 g6 38.
Rxf8+ Kxf8 39. Qa8+ 1-0

[Event "ch-NED"]
[Site "Hilversum NED"]
[Date "2007.06.19"]
[Round "4"]
[White "Bosboom,M"]
[Black "Van der Wiel,J"]
[Result "1/2-1/2"]
[WhiteElo "2423"]
[BlackElo "2483"]
[EventDate "2007.06.16"]

1. c4 c5 2. g3 Nc6 3. Bg2 g6 4. Nc3 Bg7 5. Rb1 d6 6. d3 e6 7. h4 h6 8. Bd2
Nge7 9. Nh3 e5 10. a3 a5 11. Nd5 Nxd5 12. cxd5 Nd4 13. e3 Nf5 14. a4 Bd7
15. Ng1 b5 16. axb5 Bxb5 17. Qc2 Qb6 18. Ra1 O-O 19. g4 Ne7 20. g5 hxg5 21.
hxg5 Rfc8 22. Rh4 Nf5 23. Rg4 Bd7 24. Rc4 Bb5 25. Be4 Bxc4 26. dxc4 Rcb8
27. Bc3 Nd4 28. Qd3 Nb3 29. Ra3 a4 30. Nf3 Qa6 31. Qf1 Rb4 32. Qh3 Qxc4 33.
Bxg6 Nc1 34. Bxf7+ Kxf7 35. Qe6+ Kf8 36. Qxd6+ Kg8 37. Qe6+ Kh8 38. Qh3+
Kg8 39. Qe6+ 1/2-1/2

[Event "ch-NED"]
[Site "Hilversum NED"]
[Date "2007.06.19"]
[Round "4"]
[White "Sokolov,Iv NED"]
[Black "Nijboer,F"]
[Result "1/2-1/2"]
[WhiteElo "2655"]
[BlackElo "2606"]
[EventDate "2007.06.16"]

1. d4 d6 2. Nf3 g6 3. Bg5 Bg7 4. e3 Nf6 5. Be2 O-O 6. O-O c5 7. c3 h6 8.
Bh4 a6 9. Nbd2 Nc6 10. a4 b6 11. Nc4 Rb8 12. d5 Na7 13. Re1 Qc7 14. Bf1 b5
15. axb5 axb5 16. Na5 g5 17. Bg3 Ne4 18. Qc1 e6 19. dxe6 Bxe6 20. Bd3 Nxg3
21. hxg3 Nc8 22. Bb1 Ne7 23. Qc2 Bf5 24. e4 Bg6 25. Nb3 Nc6 26. Nbd2 Rfe8
27. Qc1 Qb6 28. Nf1 b4 29. Ne3 bxc3 30. bxc3 Qb2 31. Qxb2 Rxb2 32. Nc4 Rb3
33. Ra6 Bxc3 34. Rd1 Nd4 35. Nxd6 Reb8 36. Ba2 R3b6 37. Rxb6 Rxb6 38. Nc8
Rb2 39. Bd5 Nxf3+ 40. gxf3 Bd4 41. Rf1 Kf8 1/2-1/2

[Event "ch-NED"]
[Site "Hilversum NED"]
[Date "2007.06.19"]
[Round "4"]
[White "Hendriks,W"]
[Black "L'Ami,E"]
[Result "0-1"]
[WhiteElo "2412"]
[BlackElo "2617"]
[EventDate "2007.06.16"]

1. e4 e5 2. Bc4 Nf6 3. d3 Nc6 4. Nf3 Bc5 5. c3 a6 6. Nbd2 Ba7 7. Bb3 O-O 8.
O-O d6 9. h3 Ne7 10. Re1 Ng6 11. Nf1 b5 12. Ng3 h6 13. d4 c5 14. a4 Qc7 15.
Be3 Bd7 16. Qd2 Kh7 17. axb5 axb5 18. Red1 c4 19. Bc2 Bb6 20. Rxa8 Rxa8 21.
Nf5 Bxf5 22. exf5 Ne7 23. dxe5 Bxe3 24. Qxe3 dxe5 25. Nxe5 Ned5 26. Qd4 Re8
27. Nf3 b4 28. cxb4 Nxb4 29. Bb1 Nbd5 30. g3 c3 31. Rc1 Rc8 32. bxc3 Nxc3
33. Kh2 Qa5 34. Qd2 Qb6 35. Rxc3 Rxc3 36. Qxc3 Qxf2+ 37. Kh1 Qf1+ 38. Ng1
Qxb1 39. Qf3 Qc2 40. Ne2 Ne4 41. Kg2 Ng5 42. Qg4 Qc6+ 43. Kf2 Ne4+ 44. Ke3
Nf6 45. Qf3 Qc5+ 46. Kd2 Qe5 47. Nc3 Qd4+ 48. Kc2 h5 49. Kb3 Qg1 50. Kc4
Qh2 51. h4 Qd2 52. Kb3 Qd4 53. Kc2 Ng4 54. Ne2 Ne3+ 55. Kb3 Qd3+ 56. Ka4
Qa6+ 57. Kb4 Qc4+ 58. Ka3 Nc2+ 59. Kb2 Ne1 60. Qxh5+ Kg8 61. Nf4 Qc2+ 62.
Ka3 Qc3+ 63. Ka4 Nc2 64. Kb5 Nd4+ 65. Kb6 Qc6+ 66. Ka7 Nb5+ 67. Kb8 Qc7+
68. Ka8 Qa7+ 0-1

[Event "ch-NED"]
[Site "Hilversum NED"]
[Date "2007.06.19"]
[Round "4"]
[White "Janssen,Ru"]
[Black "Spoelman,W"]
[Result "1-0"]
[WhiteElo "2489"]
[BlackElo "2428"]
[EventDate "2007.06.16"]

1. d4 Nf6 2. c4 e6 3. Nf3 c5 4. d5 d6 5. Nc3 exd5 6. cxd5 g6 7. h3 Bg7 8.
e4 O-O 9. Bg5 h6 10. Be3 Qe7 11. Bd3 Nxe4 12. Nxe4 f5 13. Nxd6 Qxd6 14. O-O
Nd7 15. Re1 b6 16. Bb5 Nf6 17. Bc6 Rb8 18. Qa4 g5 19. Qxa7 Bd7 20. Ne5 Bxc6
21. Nxc6 Ra8 22. Qxb6 Nxd5 23. Bxc5 Qd7 24. Ne7+ Qxe7 25. Rxe7 Nxb6 26.
Bxb6 Bxb2 27. Rb1 Bf6 28. Ra7 Rfb8 29. Rb3 Rc8 30. Kh2 Be5+ 31. g3 f4 32.
gxf4 Bxf4+ 33. Kg2 Rxa7 34. Bxa7 Rc2 35. a4 Ra2 36. Rb4 Kf7 37. Bb6 Ke6 38.
a5 Kd5 39. h4 Bd2 40. Rb5+ Kc6 41. Rc5+ Kd6 42. h5 Be3 43. Rf5 Ke6 44. Rb5
Bd2 45. Rc5 Kd6 46. Rc8 Kd7 47. Rg8 g4 48. Rxg4 Bxa5 49. Rg7+ Kc6 50. Rg6+
Kd7 51. Be3 Bd2 52. Kf3 Ke7 53. Rxh6 Kf7 54. Rc6 Ra3 55. h6 Kg8 56. Ke4
Bxe3 57. fxe3 Kh7 58. Kf4 Ra1 59. e4 Rf1+ 60. Ke5 Ra1 61. Rf6 Ra2 62. Kf5
Rf2+ 63. Ke6 Ra2 64. e5 Ra1 65. Rf2 Ra6+ 66. Kf7 Ra7+ 67. Kf6 Ra8 68. Rg2
Rf8+ 69. Ke7 Rf1 70. e6 Kxh6 71. Ke8 Rd1 72. e7 Rd3 73. Rg4 Kh5 74. Rg8 Kh6
75. Kf7 Rf3+ 76. Ke6 Re3+ 77. Kd6 Rd3+ 78. Kc5 1-0